Govt. of
Madhya Pradesh

मध्‍य प्रदेश राज्‍य सेवा मुख्‍य परीक्षा दर्पण भारतीय अर्थव्‍यवस्‍था भाग-2 प्रश्‍न पत्र-3 (Record no. 62397)

MARC details
000 -LEADER
fixed length control field 00690nam a22001457a 4500
003 - CONTROL NUMBER IDENTIFIER
control field MACL
005 - DATE AND TIME OF LATEST TRANSACTION
control field 20200312165259.0
008 - FIXED-LENGTH DATA ELEMENTS--GENERAL INFORMATION
fixed length control field 200312b xxu||||| |||| 00| 0 eng d
040 ## - CATALOGING SOURCE
Transcribing agency MACL
100 ## - MAIN ENTRY--PERSONAL NAME
Personal name गुप्‍ता,संजय
9 (RLIN) 78630
245 ## - TITLE STATEMENT
Title मध्‍य प्रदेश राज्‍य सेवा मुख्‍य परीक्षा दर्पण भारतीय अर्थव्‍यवस्‍था भाग-2 प्रश्‍न पत्र-3
260 ## - PUBLICATION, DISTRIBUTION, ETC. (IMPRINT)
Place of publication, distribution, etc. ग्‍वालियर
Name of publisher, distributor, etc. श्री अचलेश्‍वर बुक स्‍टोर
Date of publication, distribution, etc. 2020
650 ## - SUBJECT ADDED ENTRY--TOPICAL TERM
Topical term or geographic name as entry element अर्थशास्‍त्र
9 (RLIN) 78637
942 ## - ADDED ENTRY ELEMENTS (KOHA)
Source of classification or shelving scheme
Koha item type Hindi Books
Holdings
Withdrawn status Lost status Source of classification or shelving scheme Damaged status Not for loan Home library Current library Date acquired Cost, normal purchase price Total Checkouts Full call number Barcode Date last seen Price effective from Koha item type
          MACL MACL 12/03/2020 320.00   330 GCLC00381 12/03/2020 12/03/2020 Hindi Books
          MACL MACL 12/03/2020 320.00   330 GCLC00382 09/08/2024 12/03/2020 Hindi Books